QUEST Central Library Banner

The discoverers / (Record no. 5752)

MARC details
000 -LEADER
fixed length control field 00658nam a2200181 a 4500
020 ## - INTERNATIONAL STANDARD BOOK NUMBER
ISBN 0394726251 (paperback)
020 ## - INTERNATIONAL STANDARD BOOK NUMBER
ISBN 9780394726250 (paperback)
100 1# - MAIN ENTRY--AUTHOR NAME
Personal name Boorstin, Daniel J.
245 14 - TITLE STATEMENT
Title The discoverers /
250 ## - EDITION STATEMENT
Edition statement 1st Vintage Book ed.
260 ## - PUBLICATION, DISTRIBUTION, ETC. (IMPRINT)
Place of publication [S.l.] :
Name of publisher Vintage,
Year of publication 1985.
300 ## - PHYSICAL DESCRIPTION
Number of Pages 768 p. ;
520 ## - SUMMARY, ETC.
Summary, etc An original history of man's greatest adventure: his search to discover the world around him.
856 40 - ELECTRONIC LOCATION AND ACCESS
Uniform Resource Identifier http://www.amazon.com/exec/obidos/ASIN/0394726251/chopaconline-20
Holdings
Withdrawn status Lost status Home library Current library Date acquired Full call number Accession Number Koha item type
    Central Library, QUEST, Nawabshah Central Library, QUEST, Nawabshah 09/06/2014 909BOO 26812 Books

Copyright © 2018,The QUEST, Nawabshah, Shaheed Benazirabad. All rights reserved
Mr. G. Farooq Channar (Librarian) QUEST, Nawabshah, Sindh, Pakistan 67480.
 Ph#: |   0244-9370381-4 Ext. 2308   Email| lib@quest.edu.pk   Web|  http://www.quest.edu.pk